00538nam a22001577a 450000500170000001000150001702000260003203500140005803700130007208200160008510000380010124501250013926000230026427000670028730000260035420170615122134.0 aENG-118661 a9788184655834c175.00 aEN-102193 bDBAD/PUB a325.3410934 aNalunnakkal, Geevarghese Coorilos aThe joy of the gospal of life:cby Geevarghese Coorilos Nalunnakkal bContextual reflections on mission and evangelism / aDelhibISPCKc2017 aPost Box 1585, 1654, Madarsa Road, Kashmere Gate, Delhi-110006 axvii,163pc22cm.(pbk)